Illumination Movies Quiz - Statistics

General Stats
  • This quiz has been taken 171 times
  • The average score is 6 of 8
Answer Stats
Year Movie % Correct
2010 Despicable Me
97%
2015 Minions
93%
2013 Despicable Me 2
91%
2017 Despicable Me 3
83%
2016 Sing
70%
2016 The Secret Life of Pets
65%
2012 Dr. Seuss' The Lorax
62%
2011 Hop
60%
No matching quizzes found
Score Distribution
Percent of People with Each Score
Percentile by Number Answered
Your Score History
You have not taken this quiz